आर्टिफिशियल इंटेलीजेंस / (Record no. 214480)

MARC details
000 -LEADER
fixed length control field 00817nam a2200181 4500
010 ## - LCCN (DPL NO)
LC control number HIN-130949
020 ## - INTERNATIONAL STANDARD BOOK NUMBER
International Standard Book Number 9789369444496
Terms of availability 299.00
035 ## - SYSTEM CONTROL NUMBER
System control number HN-103295
037 ## - SOURCE OF ACQUISITION
Source of stock number/acquisition DBAD
082 ## - DEWEY DECIMAL CLASSIFICATION NUMBER
Classification number 006.3
245 ## - TITLE STATEMENT
Title आर्टिफिशियल इंटेलीजेंस /
Statement of responsibility, etc आशुतोष कुमार शुक्ल [एवं ] किरण अय्यर वी. द्वारा संपादित
250 ## - EDITION STATEMENT
Edition statement
260 ## - PUBLICATION, DISTRIBUTION, ETC. (IMPRINT)
Place of publication, distribution, etc नई दिल्ली
Name of publisher, distributor, etc वाणी प्रकाशन
Date of publication, distribution, etc 2025
270 ## - ADDRESS
Address 4695,21-ए, दरियागंज,
City नई दिल्ली
Postal code 110002
300 ## - PHYSICAL DESCRIPTION
Extent 112पृ.
Dimensions 22सेमी (सजिल्द)
Other physical details
700 ## - ADDED ENTRY--PERSONAL NAME
Personal name किरण अय्यर वी.
9 (RLIN) 86829
942 ## - ADDED ENTRY ELEMENTS (KOHA)
Source of classification or shelving scheme Dewey Decimal Classification
Item type Hindi Books
Classification part 006.3
Call number suffix आर्टिफि
Holdings
Withdrawn status Lost status Not for loan Collection code Home library Current library Date acquired Source of acquisition Cost, normal purchase price Full call number Barcode Copy number Cost, replacement price Koha item type
      Non-fiction Ashok Vihar Ashok Vihar 23/01/2026 DBAD 299.00 006.3 आर्टिफि HN-103295 1 299.00 Hindi Books

© Delhi Public Library
Hit Counter
free hit counter